Lenguas y Computación
Saved in:
| Main Author: | |
|---|---|
| Format: | Book |
| Language: | English |
| Published: |
Madrid, España:
Síntesis,
2019
|
| Series: | Claves de la Lingüística
|
| Subjects: | |
| Tags: |
Add Tag
No Tags, Be the first to tag this record!
|
MARC
| LEADER | 00000nam a22000007a 4500 | ||
|---|---|---|---|
| 003 | CL-VaPUC | ||
| 005 | 20220505094856.0 | ||
| 008 | 220406b2019 ||||| |||| 00| 0 eng d | ||
| 999 | |c 435298 |d 435296 | ||
| 020 | |a 978-84-9171-273-2 | ||
| 040 | |c Pontificia Universidad Católica de Valparaíso | ||
| 082 | 0 | 4 | |2 21 |a 410.285 MOR 2019 |
| 100 | 1 | |a Moreno Sandoval, Antonio |9 473038 |e autor | |
| 245 | 1 | 0 | |a Lenguas y Computación |
| 260 | |a Madrid, España: |b Síntesis, |c 2019 | ||
| 300 | |a 288 páginas | ||
| 490 | 0 | |a Claves de la Lingüística | |
| 500 | |a C.1 Donación Familia profesor Giovanni Parodi S. Memo 01/2022. 25-03-2022 | ||
| 583 | |c 20220406 |k Catalogador Asistente | ||
| 650 | 1 | |a Lingüística computacional |9 868637 | |
| 650 | 1 | |a Lingüística |x Procesamiento de datos |9 868642 | |
| 650 | 1 | |a Fundamentos de la lingüística |x Aspectos informáticos |9 868643 | |
| 942 | |2 ddc |c BK | ||
| 952 | |0 0 |1 0 |2 ddc |4 0 |6 410_285000000000000_MOR_2019 |7 0 |8 C_GPS |9 582475 |a FDOPOS |b BIBEDU |c GEN |d 2022-04-06 |e Donación |i 5650708 |l 1 |o 410.285 MOR 2019 |p 5650708 |r 2025-01-22 |s 2022-07-06 |t 1 |w 2022-04-06 |y BK |k MLA | ||